Les 10 métros les plus fréquentés du monde - Statistiques

Statistiques générales
  • Ce quiz a été pris 138 fois
  • Le résultat moyen est 7 sur 10
Statistiques - réponses
Classement Ville % Correct
9 Paris (France)
100%
7 New York (Etats-Unis)
98%
1 Tokyo (Japon)
98%
3 Pékin (Chine)
93%
4 Moscou (Russie)
78%
2 Séoul (Corée du Sud)
68%
10 Hong Kong
58%
8 Mexico (Mexique)
50%
5 Shanghaï (Chine)
49%
6 Guangzhou (Chine)
31%
Aucun quiz correspondant
Distribution des résultats
% des personnes avec chaque résultat
Percentile par nombre de réponses
Votre historique - résultats
Vous n’avez pas pris ce quiz